000 00626nam a2200241 i 4500
001 C2-0301128
003 PPAK
005 20180728082513.0
008 091202s2008 my |||| ||||| | may d
020 _a9789833669684
040 _aPPAK
_beng
_cPPAK
_erda
082 0 4 _a899.233
_223
090 0 0 _a899.233
_bNAS
_dG
100 0 _aNasron Sira Rahim,
_eauthor
245 1 0 _aEnigma
264 1 _aShah Alam, Selangor :
_bBuku Prima ,
_c2008
300 _a348 pages ;
_c19 cm
336 _2rdacontent
_atext
337 _2rdamedia
_aunmediated
338 _2rdacarrier
_avolume
650 1 0 _aMalay fiction
942 _ddc
_cB
999 _c104946
_d104946